000
00342 a2200157 4500
001
192064
020
_a
978-85-305-0498-4
040
_c
Magnum
100
_a
Aguiar, Luiz Antonio
240
1
0
_a
Assim tudo começou
_l
por
245
1
0
_a
Assim tudo começou
300
_a
109
362
0
_a
2005
697
_a
LITERATURA JUVENIL
942
_c
BK
999
_c
192064
_d
192064